Art and Landscape (Record no. 91781)

MARC details
000 -LEADER
fixed length control field 01153nam a2200277Ii 4500
003 - CONTROL NUMBER IDENTIFIER
control field URS
005 - DATE AND TIME OF LATEST TRANSACTION
control field 20260218110131.0
008 - FIXED-LENGTH DATA ELEMENTS--GENERAL INFORMATION
fixed length control field 221202s xx 000 0 und d
040 ## - CATALOGING SOURCE
Transcribing agency URS
Modifying agency
100 1# - MAIN ENTRY--PERSONAL NAME
Personal name Filigenzi, Anna,
Relator term author
245 #0 - TITLE STATEMENT
Title Art and Landscape
246 ## - VARYING FORM OF TITLE
Title proper/short title Buddhist Rock Sculptures of Late Antique Swat/Uḍḍiyāna
264 ## - PRODUCTION, PUBLICATION, DISTRIBUTION, MANUFACTURE, AND COPYRIGHT NOTICE
Name of producer, publisher, distributor, manufacturer Verlag der �sterreichischen Akademie der Wissenschaften
Date of production, publication, distribution, manufacture, or copyright notice 2015
300 ## - PHYSICAL DESCRIPTION
Extent 1 online resource (354 pages)
336 ## - CONTENT TYPE
Content type term text
Content type code txt
Source rdacontent
337 ## - MEDIA TYPE
Media type term computer
Media type code c
Source rdamedia
338 ## - CARRIER TYPE
Carrier type term online resource
Carrier type code cr
Source rdacarrier
520 ## - SUMMARY, ETC.
Summary, etc. Buddhist rock sculpture of Swat/Uddiyana (7th-8th cent. CE): Analytical study of its aesthetic values, technical concept, historical background and cultural influence
653 ## - INDEX TERM--UNCONTROLLED
Uncontrolled term Buddhist Art And Religion
653 ## - INDEX TERM--UNCONTROLLED
Uncontrolled term Buddhistische Kunst Und Religion
653 ## - INDEX TERM--UNCONTROLLED
Uncontrolled term Late Antique Uddiyana (Swat
653 ## - INDEX TERM--UNCONTROLLED
Uncontrolled term Pakistan)
653 ## - INDEX TERM--UNCONTROLLED
Uncontrolled term Rock Sculpture
856 ## - ELECTRONIC LOCATION AND ACCESS
Uniform Resource Identifier <a href="https://docs.google.com/spreadsheets/d/1yKIrdCPDAG_9c22mwoOIO2DOhtj65Wqa/edit?usp=sharing&ouid=106555315294820607512&rtpof=true&sd=true ">https://docs.google.com/spreadsheets/d/1yKIrdCPDAG_9c22mwoOIO2DOhtj65Wqa/edit?usp=sharing&ouid=106555315294820607512&rtpof=true&sd=true </a>
Link text List of Curated E-Books
942 ## - ADDED ENTRY ELEMENTS (KOHA)
Koha item type E-Book
Source of classification or shelving scheme Library of Congress Classification

No items available.

University of Rizal System
Email us at univlibservices@urs.edu.ph

Visit our Website www.urs.edu.ph/library